<?xml version="1.0" encoding="UTF-8"?>
<record
    xmlns:xsi="http://www.w3.org/2001/XMLSchema-instance"
    xsi:schemaLocation="http://www.loc.gov/MARC21/slim http://www.loc.gov/standards/marcxml/schema/MARC21slim.xsd"
    xmlns="http://www.loc.gov/MARC21/slim">

  <leader>01258nam a22002537a 4500</leader>
  <controlfield tag="001">3596</controlfield>
  <controlfield tag="003">FISKH</controlfield>
  <controlfield tag="005">20250528145234.0</controlfield>
  <controlfield tag="008">240322b        cb ||||| |||| 00| 0 eng d</controlfield>
  <datafield tag="040" ind1=" " ind2=" ">
    <subfield code="a">FISKH</subfield>
    <subfield code="b">khr </subfield>
    <subfield code="c">FISKH</subfield>
    <subfield code="d">FISKH</subfield>
  </datafield>
  <datafield tag="050" ind1=" " ind2=" ">
    <subfield code="a">PZ7</subfield>
  </datafield>
  <datafield tag="082" ind1=" " ind2=" ">
    <subfield code="a">599.67</subfield>
  </datafield>
  <datafield tag="100" ind1=" " ind2=" ">
    <subfield code="a">Pandya, Mamata </subfield>
  </datafield>
  <datafield tag="245" ind1=" " ind2=" ">
    <subfield code="a">&#x179F;&#x17C0;&#x179C;&#x1797;&#x17C5;&#x179A;&#x17BF;&#x1784;&#x1796;&#x17D2;&#x179A;&#x17C1;&#x1784;&#x179F;&#x17D2;&#x178A;&#x17B8;&#x1796;&#x17B8;&#x178A;&#x17C6;&#x179A;&#x17B8;&#x17A2;&#x17B6;&#x179F;&#x17CA;&#x17B8; : </subfield>
    <subfield code="b">&#x1794;&#x17D2;&#x179A;&#x1797;&#x17C1;&#x1791;&#x179A;&#x17BF;&#x1784;&#x1796;&#x17D2;&#x179A;&#x17C1;&#x1784; &#x179A;&#x17BF;&#x1784;&#x1796;&#x17B7;&#x178F; &#x179F;&#x17C6;&#x178E;&#x17BE;&#x1785; &#x1793;&#x17B7;&#x1784;&#x179A;&#x17BF;&#x1784;&#x178A;&#x1791;&#x17C3;&#x1791;&#x17C0;&#x178F;&#x178A;&#x17C2;&#x179B;&#x1791;&#x17B6;&#x1780;&#x17CB;&#x1791;&#x1784;&#x1791;&#x17C5;&#x1793;&#x17B9;&#x1784;&#x178A;&#x17C6;&#x179A;&#x17B8;&#x17A2;&#x17B6;&#x179F;&#x17CA;&#x17B8; / </subfield>
    <subfield code="c">Mamata Pandya ;  Meena Raghunathan </subfield>
  </datafield>
  <datafield tag="260" ind1=" " ind2=" ">
    <subfield code="a">Phnom Penh : </subfield>
    <subfield code="b">Center for Environment Education, </subfield>
    <subfield code="c">2001. </subfield>
  </datafield>
  <datafield tag="300" ind1=" " ind2=" ">
    <subfield code="a">181 pages : </subfield>
    <subfield code="b">illustrations ; </subfield>
    <subfield code="c">21 cm </subfield>
  </datafield>
  <datafield tag="520" ind1=" " ind2=" ">
    <subfield code="a">&#x1787;&#x17B6;&#x200B;&#x1794;&#x17D2;&#x179A;&#x1797;&#x17C1;&#x1791;&#x179A;&#x17BF;&#x1784;&#x1796;&#x17D2;&#x179A;&#x17C1;&#x1784; &#x179A;&#x17BF;&#x1784;&#x1796;&#x17B7;&#x178F; &#x179F;&#x17C6;&#x178E;&#x17BE;&#x1785; &#x1793;&#x17B7;&#x1784;&#x179A;&#x17BF;&#x1784;&#x178A;&#x1791;&#x17C3;&#x1791;&#x17C0;&#x178F;&#x178A;&#x17C2;&#x179B;&#x1791;&#x17B6;&#x1780;&#x17CB;&#x1791;&#x1784;&#x1791;&#x17C5;&#x1793;&#x17B9;&#x1784;&#x178A;&#x17C6;&#x179A;&#x17B8;&#x17A2;&#x17B6;&#x179F;&#x17CA;&#x17B8;</subfield>
  </datafield>
  <datafield tag="520" ind1=" " ind2=" ">
    <subfield code="a">A variety of legends, true stories, jokes and other stories related to Asian elephants</subfield>
  </datafield>
  <datafield tag="650" ind1=" " ind2=" ">
    <subfield code="a">&#x178A;&#x17C6;&#x179A;&#x17B8;&#x200B;&#x1793;&#x17C5;&#x17A2;&#x17B6;&#x179F;&#x17CA;&#x17B8; Elephant in Asia  </subfield>
  </datafield>
  <datafield tag="650" ind1=" " ind2=" ">
    <subfield code="a">Elephant in Asia  </subfield>
  </datafield>
  <datafield tag="700" ind1=" " ind2=" ">
    <subfield code="a">Raghunathan, Meena </subfield>
    <subfield code="e">Author </subfield>
  </datafield>
  <datafield tag="942" ind1=" " ind2=" ">
    <subfield code="2">ddc</subfield>
    <subfield code="c">KHB</subfield>
    <subfield code="n">0</subfield>
  </datafield>
  <datafield tag="999" ind1=" " ind2=" ">
    <subfield code="c">3596</subfield>
    <subfield code="d">3596</subfield>
  </datafield>
  <datafield tag="952" ind1=" " ind2=" ">
    <subfield code="0">0</subfield>
    <subfield code="1">0</subfield>
    <subfield code="2">ddc</subfield>
    <subfield code="4">0</subfield>
    <subfield code="7">0</subfield>
    <subfield code="8">KH</subfield>
    <subfield code="a">001</subfield>
    <subfield code="b">001</subfield>
    <subfield code="c">OKHR</subfield>
    <subfield code="d">2024-03-22</subfield>
    <subfield code="l">0</subfield>
    <subfield code="o">PAN 599.67 PZ7</subfield>
    <subfield code="p">FISTK03502</subfield>
    <subfield code="r">2024-03-22 10:29:44</subfield>
    <subfield code="t">1</subfield>
    <subfield code="w">2024-03-22</subfield>
    <subfield code="y">KHB</subfield>
  </datafield>
  <datafield tag="952" ind1=" " ind2=" ">
    <subfield code="0">0</subfield>
    <subfield code="1">0</subfield>
    <subfield code="2">ddc</subfield>
    <subfield code="4">0</subfield>
    <subfield code="7">0</subfield>
    <subfield code="8">KH</subfield>
    <subfield code="a">002</subfield>
    <subfield code="b">002</subfield>
    <subfield code="c">TTP Khmer</subfield>
    <subfield code="d">2024-03-22</subfield>
    <subfield code="l">0</subfield>
    <subfield code="o">PAN 599.67 PZ7</subfield>
    <subfield code="p">FISTK03501</subfield>
    <subfield code="r">2024-03-22 10:30:02</subfield>
    <subfield code="t">2</subfield>
    <subfield code="w">2024-03-22</subfield>
    <subfield code="y">KHB</subfield>
  </datafield>
  <datafield tag="952" ind1=" " ind2=" ">
    <subfield code="0">0</subfield>
    <subfield code="1">0</subfield>
    <subfield code="2">ddc</subfield>
    <subfield code="4">0</subfield>
    <subfield code="7">0</subfield>
    <subfield code="8">KH</subfield>
    <subfield code="a">001</subfield>
    <subfield code="b">001</subfield>
    <subfield code="c">OKHR</subfield>
    <subfield code="d">2024-04-25</subfield>
    <subfield code="l">2</subfield>
    <subfield code="o">PAN 599.67 PZ7</subfield>
    <subfield code="p">FISTK03500</subfield>
    <subfield code="r">2026-04-01 09:21:26</subfield>
    <subfield code="s">2026-03-02</subfield>
    <subfield code="t">3</subfield>
    <subfield code="w">2024-04-25</subfield>
    <subfield code="y">KHB</subfield>
  </datafield>
  <datafield tag="952" ind1=" " ind2=" ">
    <subfield code="0">0</subfield>
    <subfield code="1">0</subfield>
    <subfield code="2">ddc</subfield>
    <subfield code="4">0</subfield>
    <subfield code="7">0</subfield>
    <subfield code="8">KH</subfield>
    <subfield code="a">002</subfield>
    <subfield code="b">002</subfield>
    <subfield code="c">SKB</subfield>
    <subfield code="d">2025-05-22</subfield>
    <subfield code="l">0</subfield>
    <subfield code="o">PAN 599.67 PZ7</subfield>
    <subfield code="p">FISSE02105</subfield>
    <subfield code="r">2025-05-22 14:59:28</subfield>
    <subfield code="t">4</subfield>
    <subfield code="w">2025-05-22</subfield>
    <subfield code="y">KHB</subfield>
  </datafield>
  <datafield tag="952" ind1=" " ind2=" ">
    <subfield code="0">0</subfield>
    <subfield code="1">0</subfield>
    <subfield code="2">ddc</subfield>
    <subfield code="4">0</subfield>
    <subfield code="7">0</subfield>
    <subfield code="8">KH</subfield>
    <subfield code="a">002</subfield>
    <subfield code="b">002</subfield>
    <subfield code="c">SKB</subfield>
    <subfield code="d">2025-05-22</subfield>
    <subfield code="l">0</subfield>
    <subfield code="o">PAN 599.67 PZ7</subfield>
    <subfield code="p">FISSE02143</subfield>
    <subfield code="r">2025-05-22 14:59:57</subfield>
    <subfield code="t">5</subfield>
    <subfield code="w">2025-05-22</subfield>
    <subfield code="y">KHB</subfield>
  </datafield>
  <datafield tag="952" ind1=" " ind2=" ">
    <subfield code="0">0</subfield>
    <subfield code="1">0</subfield>
    <subfield code="2">ddc</subfield>
    <subfield code="4">0</subfield>
    <subfield code="7">0</subfield>
    <subfield code="8">KH</subfield>
    <subfield code="a">002</subfield>
    <subfield code="b">002</subfield>
    <subfield code="c">SKB</subfield>
    <subfield code="d">2025-05-22</subfield>
    <subfield code="l">0</subfield>
    <subfield code="o">PAN 599.67 PZ7</subfield>
    <subfield code="p">FISBK03793</subfield>
    <subfield code="r">2025-05-22 15:00:19</subfield>
    <subfield code="t">6</subfield>
    <subfield code="w">2025-05-22</subfield>
    <subfield code="y">KHB</subfield>
  </datafield>
  <datafield tag="952" ind1=" " ind2=" ">
    <subfield code="0">0</subfield>
    <subfield code="1">0</subfield>
    <subfield code="2">ddc</subfield>
    <subfield code="4">0</subfield>
    <subfield code="7">0</subfield>
    <subfield code="8">KH</subfield>
    <subfield code="a">002</subfield>
    <subfield code="b">002</subfield>
    <subfield code="c">TTP Khmer</subfield>
    <subfield code="d">2025-05-22</subfield>
    <subfield code="l">0</subfield>
    <subfield code="o">PAN 599.67 PZ7</subfield>
    <subfield code="p">FISSE02149</subfield>
    <subfield code="r">2025-05-22 15:00:34</subfield>
    <subfield code="t">7</subfield>
    <subfield code="w">2025-05-22</subfield>
    <subfield code="y">KHB</subfield>
  </datafield>
  <datafield tag="952" ind1=" " ind2=" ">
    <subfield code="0">0</subfield>
    <subfield code="1">0</subfield>
    <subfield code="2">ddc</subfield>
    <subfield code="4">0</subfield>
    <subfield code="7">0</subfield>
    <subfield code="8">KH</subfield>
    <subfield code="a">002</subfield>
    <subfield code="b">001</subfield>
    <subfield code="c">TTP Khmer</subfield>
    <subfield code="d">2025-05-22</subfield>
    <subfield code="l">1</subfield>
    <subfield code="m">1</subfield>
    <subfield code="o">PAN 599.67 PZ7</subfield>
    <subfield code="p">FIS02050</subfield>
    <subfield code="r">2025-12-01 10:07:23</subfield>
    <subfield code="s">2025-11-10</subfield>
    <subfield code="t">8</subfield>
    <subfield code="w">2025-05-22</subfield>
    <subfield code="y">KHB</subfield>
  </datafield>
  <datafield tag="952" ind1=" " ind2=" ">
    <subfield code="0">0</subfield>
    <subfield code="1">0</subfield>
    <subfield code="2">ddc</subfield>
    <subfield code="4">0</subfield>
    <subfield code="7">0</subfield>
    <subfield code="8">KH</subfield>
    <subfield code="a">002</subfield>
    <subfield code="b">002</subfield>
    <subfield code="c">TTP Khmer</subfield>
    <subfield code="d">2025-05-22</subfield>
    <subfield code="l">1</subfield>
    <subfield code="o">PAN 599.67 PZ7</subfield>
    <subfield code="p">FISBK03792</subfield>
    <subfield code="r">2025-09-30 10:32:18</subfield>
    <subfield code="s">2025-07-15</subfield>
    <subfield code="t">9</subfield>
    <subfield code="w">2025-05-22</subfield>
    <subfield code="y">KHB</subfield>
  </datafield>
</record>
